The Living Sands of the Namib (Record no. 523823)
[ view plain ]
| 000 -CABECERA | |
|---|---|
| Campo de control de longitud fija | 00420nab a2200145Ia 4500 |
| 003 - IDENTIFICADOR DEL NÚMERO DE CONTROL | |
| Campo de control | ES-SlBCS |
| 005 - FECHA Y HORA DE LA ÚLTIMA TRANSACCIÓN | |
| Campo de control | 20210601125038.0 |
| 008 - CÓDIGOS DE INFORMACIÓN DE LONGITUD FIJA | |
| Campo de control de longitud fija | 140529s1983 xxu||||| |||| 00| 0 eng d |
| 041 ## - CÓDIGO DE LENGUA | |
| Código de lengua del texto/banda sonora o título independiente | eng |
| 100 1# - PUNTO DE ACCESO PRINCIPAL-NOMBRE DE PERSONA | |
| Nombre de persona | Hamilton, William |
| 9 (RLIN) | 10917 |
| 245 04 - MENCIÓN DE TÍTULO | |
| Título | The Living Sands of the Namib |
| Mención de responsabilidad, etc. | William Hamilton |
| 650 04 - PUNTO DE ACCESO ADICIONAL DE MATERIA-TÉRMINO DE MATERIA | |
| Término de materia o nombre geográfico como elemento inicial | Namibia-Desierto |
| 9 (RLIN) | 153251 |
| 773 0# - ENLACE AL DOCUMENTO FUENTE | |
| Título | National Geographic |
| Parte(s) relacionada(s) | nº. 3, 1983, págs. 364-377 |
| Número de control del registro relacionado | Rev289 |
| 942 ## - ENTRADA DE ELEMENTOS AGREGADOS (KOHA) | |
| Koha [por defecto] tipo de item | Artículos de revista |
| Suprimido | Perdido | Estropeado | No para préstamo | Localización permanente | Localización actual | Localización en estantería | Fecha adquisición | Préstamos totales | Fecha última consulta | Fecha del precio de reemplazo | Tipo de item de Koha |
|---|---|---|---|---|---|---|---|---|---|---|---|
| San Esteban | San Esteban | Depósito de revistas | 11/07/2014 | 11/07/2014 | 11/07/2014 | Artículos de revista |
